000 00483nam a2200205Ia 4500
003 OSt
005 20251208122121.0
008 250729s1981 xx 000 0 und d
020 _a978-0408011563
040 _cAL
041 _aeng
082 _a530.2 POTW
100 _aBoth C J
_9226091
245 _aWorld's radio broadcasting stations
260 _aLondon
_c1981
300 _a214p
650 _aPhysics
_9226092
700 _aRao Digumurthi
_9226093
942 _2ddc
_cBED
999 _c237177
_d237177